Analýza vplyvu online reputácie v oblasti telekomunikačných služieb

Dôležitosť vplyvu novodobých technológií, foriem komunikácie a internetu na riadenie pozitívnej reputácie spoločnosti. Reputácia v online prostredí. Analýza online reputácie 4 subjektov v telekomunikačnom priemysle na Slovensku a ich celková online reputácia s cieľom zvýšiť prosperitu vybraného subj...

Full description

Saved in:
Bibliographic Details
Main Author: Repiská, Radka, 1996-
Format: Book Chapter
Language:Slovak
Subjects:
Tags: Add Tag
No Tags, Be the first to tag this record!

MARC

LEADER 00000naa$a2200000$$$4500
001 0270109
005 20240502074230.1
041 0 |a slo 
044 |a SK 
245 1 0 |a Analýza vplyvu online reputácie v oblasti telekomunikačných služieb  |c Radka Repiská 
520 |a Dôležitosť vplyvu novodobých technológií, foriem komunikácie a internetu na riadenie pozitívnej reputácie spoločnosti. Reputácia v online prostredí. Analýza online reputácie 4 subjektov v telekomunikačnom priemysle na Slovensku a ich celková online reputácia s cieľom zvýšiť prosperitu vybraného subjektu v online prostredí. 
610 2 0 |a reputácia podniku 
610 2 0 |a online reputačný manažment 
610 2 0 |a internet 
610 2 0 |a telekomunikácie 
610 2 0 |a technológie nové 
610 2 0 |a Slovensko 
100 1 |a Repiská, Radka, 1996-